00310nam a2200109Ia 4500008004100000041000800041100001900049245004300068260004900111300000800160700003200168250110s9999 xx 000 0 und d aeng aWandre Radhika aMitigation Of Urban Heat Island Effect bBNCA M Arch Digital ArchitectureaPunec2023 a75p aGuide Name:Sardesai Kaushik